[Event "Asuncion"]
[Site "Asuncion PAR"]
[Date "1991.??.??"]
[Round "2"]
[White "Vazquez, Renier"]
[Black "Montero Martinez, Cristian"]
[Result "0-1"]
[WhiteElo "2460"]
[BlackElo "2295"]
[PlyCount "76"]
[EventDate "1991.??.??"]
[Source "www.chesslib.no"]
[SourceDate "2004.05.04"]

1. e4 e5 2. Nf3 Nc6 3. Bc4 Nf6 4. Ng5 d5 5. exd5 b5 6. dxc6 bxc4 7. Qe2 Qd5 8. O-O Bd6 9. Nc3 Qxc6 10. f3 O-O 11. Kh1 Bf5 12. Nge4 Nd5 13. Nxd5 Qxd5 14. b3 Qd4 15. Rb1 cxb3 16. axb3 Bg6 17. Bb2 Qd5 18. d3 f5 19. Nd2 a5 20. Ra1 Rfe8 21. Ra4 Bb4 22. Nc4 e4 23. dxe4 fxe4 24. f4 Bh5 25. g4 e3+ 26. Kg1 Bg6 27. f5 Bf7 28. Raa1 Qe4 29. Rfd1 Bxc4 30. bxc4 Bd2 31. f6 Qxc2 32. Qf3 Qg6 33. Rf1 gxf6 34. h3 Re4 35. Qe2 Rf8 36. Rf5 Qf7 37. Qf3 Qxc4 38. Rf1 e2 0-1

[Event "Dresden ZMD op"]
[Site "?"]
[Date "2002.??.??"]
[Round "1"]
[White "Muzychuk Anna"]
[Black "Karpatchev Aleksandr"]
[Result "1/2-1/2"]
[WhiteElo "2255"]
[BlackElo "2495"]
[PlyCount "60"]
[EventDate "2002.??.??"]
[Source "www.chesslib.no"]
[SourceDate "2004.05.04"]

1. e4 e5 2. Nf3 Nc6 3. Bc4 Nf6 4. Ng5 d5 5. exd5 b5 6. Bf1 Nd4 7. c3 Nxd5 8. Ne4 Qh4 9. Ng3 Bg4 10. f3 e4 11. cxd4 Bd6 12. Bxb5+ Kd8 13. O-O exf3 14. Qb3 Nb4 15. Rxf3 Rb8 16. Na3 a6 17. Bf1 Nc6 18. Qc3 Bxf3 19. Qxf3 Qxd4+ 20. Kh1 Qh4 21. d4 Nxd4 22. Qd5 Ne6 23. Nc4 Rb5 24. Qa8+ Kd7 25. Qf3 Bxg3 26. Qxg3 Qxg3 27. hxg3 Rd8 28. b3 Ke8 29. Bd3 Rg5 30. Kh2 Rh5+ 1/2-1/2

[Event "OL0203 Eppingen II-Bad Mergentheim"]
[Site "?"]
[Date "2003.01.26"]
[Round "5.2"]
[White "Herbrechtsmeier Christof"]
[Black "Karpatchev Aleksandr"]
[Result "1-0"]
[WhiteElo "2286"]
[BlackElo "2463"]
[PlyCount "83"]
[EventDate "2003.??.??"]
[Source "www.chesslib.no"]
[SourceDate "2004.05.04"]

1. e4 e5 2. Nf3 Nc6 3. Bc4 Nf6 4. Ng5 d5 5. exd5 b5 6. Bf1 h6 7. Nxf7 Kxf7 8. dxc6 Bc5 9. Be2 Ne4 10. O-O Qh4 11. Qe1 Rf8 12. d3 Nf6 13. Be3 Bd6 14. Nc3 a6 15. f4 Qxe1 16. Raxe1 Kg8 17. fxe5 Bxe5 18. d4 Bd6 19. Bf4 Bxf4 20. Rxf4 Be6 21. Bxb5 axb5 22. Rxe6 b4 23. Ne4 Rxa2 24. Nxf6+ gxf6 25. Rexf6 Rxf6 26. Rxf6 Rxb2 27. Rf2 Rb1+ 28. Rf1 Rb2 29. Rf2 Rb1+ 30. Rf1 Rb2 31. Rc1 Kf7 32. Kf2 Ke6 33. Ke3 Kd5 34. Kd3 Kxc6 35. Rf1 Ra2 36. Rf6+ Kd5 37. Rf5+ Kc6 38. Rh5 Ra3+ 39. Kc4 Rc3+ 40. Kxb4 Rxc2 41. Rc5+ Rxc5 42. dxc5 1-0

[Event "Tch (Men) 2005/2006 CZE"]
[Site "?"]
[Date "2005.10.15"]
[Round "1"]
[White "Reznicek Tomas"]
[Black "Biolek Richard"]
[Result "0-1"]
[WhiteElo "2278"]
[BlackElo "2454"]
[PlyCount "54"]
[EventDate "2005.??.??"]
[Source "www.chesslib.no"]
[SourceDate "2004.05.04"]

1. e4 e5 2. Nf3 Nc6 3. Bc4 Nf6 4. Ng5 d5 5. exd5 b5 6. Bf1 Nd4 7. c3 Nxd5 8. Ne4 Qh4 9. Ng3 Bg4 10. f3 e4 11. cxd4 Bd6 12. Bxb5+ Kd8 13. Kf2 exf3 14. gxf3 Bh3 15. Qe2 f5 16. Nc3 f4 17. Nce4 Rb8 18. Bc6 Ne7 19. Nxd6 cxd6 20. d5 Nf5 21. Ke1 fxg3 22. hxg3 Nxg3 23. Qf2 Qe7+ 24. Kd1 Nxh1 25. Qh2 Bf5 26. Qxh1 Bd3 27. Qh2 Rf8 0-1

[Event "JUG Team Ch"]
[Site "Cetinje"]
[Date "1990.??.??"]
[Round "9"]
[White "Karaklajic, Nikola"]
[Black "Vujosevic, Vladimir"]
[Result "1-0"]
[WhiteElo "2375"]
[BlackElo "2340"]
[PlyCount "125"]
[EventDate "1990.??.??"]
[Source "www.chesslib.no"]
[SourceDate "2004.05.04"]

1. e4 e5 2. Nf3 Nc6 3. Bc4 Nf6 4. Ng5 d5 5. exd5 b5 6. Bf1 Nd4 7. c3 Nxd5 8. Ne4 Ne6 9. Bxb5+ Bd7 10. Bxd7+ Qxd7 11. O-O c5 12. d3 Be7 13. Na3 O-O 14. Nc4 f6 15. Ne3 Rfd8 16. c4 Ndf4 17. Nc3 Qxd3 18. Ncd5 Qxd1 19. Rxd1 Nxd5 20. Nxd5 Bf8 21. Be3 Rab8 22. b3 Rb7 23. Kf1 Kf7 24. Nc3 Rbd7 25. Rd5 Rxd5 26. Nxd5 Rd7 27. Rd1 f5 28. f3 Nd8 29. Ke2 Nc6 30. Nc3 Ke6 31. Rxd7 Kxd7 32. Na4 Nd4+ 33. Kd3 Ne6 34. Nc3 Kc6 35. Nd5 Bd6 36. h3 a6 37. a3 Nc7 38. Nc3 Ne6 39. Ne2 g6 40. Bd2 Be7 41. b4 Bg5 42. Bxg5 Nxg5 43. Nc3 cxb4 44. axb4 Ne6 45. Nd5 Kd6 46. h4 Nd8 47. g4 e4+ 48. Ke3 exf3 49. gxf5 gxf5 50. Kxf3 Ne6 51. Nf6 Ke5 52. Nxh7 Nd4+ 53. Kf2 Kf4 54. Nf6 Nc6 55. b5 axb5 56. cxb5 Na5 57. b6 Nb7 58. Kg2 Ke5 59. Ne8 Kf4 60. Kh3 Ke3 61. h5 f4 62. h6 f3 63. Nf6 1-0

[Event "Neuhausen (Germany)"]
[Site "?"]
[Date "2004.11.??"]
[Round "5"]
[White "Wehner Roland"]
[Black "Karpatchev Aleksandr"]
[Result "1-0"]
[WhiteElo "2225"]
[BlackElo "2488"]
[PlyCount "57"]
[EventDate "2004.??.??"]
[Source "www.chesslib.no"]
[SourceDate "2004.05.04"]

1. e4 e5 2. Nf3 Nc6 3. Bc4 Nf6 4. Ng5 d5 5. exd5 b5 6. Bf1 Nd4 7. c3 Nxd5 8. Ne4 Ne6 9. Bxb5+ Bd7 10. Bxd7+ Qxd7 11. d4 exd4 12. cxd4 Bb4+ 13. Nbc3 O-O 14. O-O Rad8 15. Nxd5 Qxd5 16. Nc3 Qa5 17. Be3 c5 18. d5 Rfe8 19. Qg4 Nf8 20. Qc4 Nd7 21. a3 Ne5 22. axb4 Qxa1 23. Qe2 Qxf1+ 24. Kxf1 cxb4 25. Nb5 f5 26. Nc7 Re7 27. Bg5 Rxc7 28. Qxe5 Rdc8 29. Qe6+ 1-0

[Event "Cappelle Open"]
[Site "Cappelle la Grande FRA"]
[Date "1994.??.??"]
[Round "4"]
[White "Durao, Joaquim"]
[Black "Rausis, Igors"]
[Result "0-1"]
[WhiteElo "2215"]
[BlackElo "2495"]
[PlyCount "48"]
[EventDate "1994.02.??"]
[Source "www.chesslib.no"]
[SourceDate "2004.05.04"]

1. e4 e5 2. Nf3 Nc6 3. Bc4 Nf6 4. Ng5 d5 5. exd5 b5 6. Bf1 Nd4 7. c3 Nxd5 8. cxd4 Qxg5 9. Bxb5+ Kd8 10. O-O Nf4 11. Qf3 Rb8 12. dxe5 Bg4 13. Qc6 Rxb5 14. Qxb5 Bf3 15. Qb8+ Kd7 16. Qb5+ Ke7 17. Qb4+ Ke6 18. Qb3+ Bd5 19. Qxd5+ Kxd5 20. Nc3+ Ke6 21. g3 Nd3 22. f4 Qf5 23. b4 Bxb4 24. Rb1 Rd8 0-1

[Event "NRW Sportland Cup Masters"]
[Site "Senden"]
[Date "1998.10.10"]
[Round "3"]
[White "Sax, Gyula"]
[Black "Hacker, Christian"]
[Result "1-0"]
[WhiteElo "2525"]
[BlackElo "2185"]
[PlyCount "41"]
[EventDate "1998.10.08"]
[Source "ChessBase"]
[SourceDate "1999.01.01"]

1. e4 e5 2. Nf3 Nc6 3. Bc4 Nf6 4. Ng5 d5 5. exd5 b5 6. Bf1 Nd4 7. c3 Nxd5 8. Ne4 Ne6 9. Bxb5+ Bd7 10. Bxd7+ Qxd7 11. d4 exd4 12. cxd4 Bb4+ 13. Nbc3 f5 14. O-O O-O-O 15. Nxd5 Qxd5 16. Nc3 Qa5 17. Ne2 Nxd4 18. Nxd4 Qb6 19. Qa4 Qxd4 20. Qa6+ Kd7 21. Bg5 1-0

[Event "Budapest HUN"]
[Site "?"]
[Date "2000.??.??"]
[Round "?"]
[White "Jakab Attila"]
[Black "Vujosevic Vladimir"]
[Result "0-1"]
[WhiteElo "2295"]
[BlackElo "2410"]
[PlyCount "76"]
[EventDate "2000.??.??"]
[Source "www.chesslib.no"]
[SourceDate "2004.05.04"]

1. e4 e5 2. Nf3 Nc6 3. Bc4 Nf6 4. Ng5 d5 5. exd5 b5 6. Bf1 Nd4 7. c3 Nxd5 8. cxd4 Qxg5 9. Bxb5+ Kd8 10. Qf3 exd4 11. O-O Rb8 12. d3 Qf5 13. Qxf5 Bxf5 14. Bc4 Nb4 15. Na3 Bxd3 16. Rd1 Bxc4 17. Nxc4 c5 18. Bd2 Nc6 19. Re1 Kd7 20. Bf4 Rc8 21. Rad1 f6 22. Ne3 Re8 23. a3 Re6 24. Nc4 Rxe1+ 25. Rxe1 Be7 26. h4 Re8 27. g4 h5 28. gxh5 Rh8 29. h6 g5 30. hxg5 fxg5 31. Rxe7+ Nxe7 32. Bxg5 Ke6 33. Ne5 Kxe5 34. Bxe7 Rxh6 35. Bxc5 d3 36. Be3 Rb6 37. b4 Ra6 38. Bc1 Rxa3 0-1

[Event "BL2-West 0001"]
[Site "Germany"]
[Date "2000.12.10"]
[Round "3.6"]
[White "Blaskowski, Johannes"]
[Black "Solleveld, Maarten"]
[Result "0-1"]
[WhiteElo "2271"]
[BlackElo "2426"]
[PlyCount "124"]
[EventDate "2000.10.15"]
[Source "ChessBase"]
[SourceDate "2001.07.03"]

1. e4 e5 2. Nf3 Nc6 3. Bc4 Nf6 4. Ng5 d5 5. exd5 b5 6. Bf1 h6 7. Ne6 fxe6 8. dxc6 Bc5 9. Qe2 O-O 10. d3 Qd5 11. Be3 Qxc6 12. Bxc5 Qxc5 13. Nc3 b4 14. Ne4 Nxe4 15. dxe4 Bb7 16. f3 Rad8 17. Qc4 Qe3+ 18. Be2 Rd6 19. Qb3 Qd2+ 20. Kf2 Bxe4 21. Rhd1 Qxc2 22. Rxd6 Qc5+ 23. Qe3 cxd6 24. Qxc5 dxc5 25. Rc1 Bd5 26. Rxc5 Bxa2 27. Rb5 Bd5 28. Rxb4 e4 29. Ra4 Rf7 30. b4 exf3 31. gxf3 Kh7 32. b5 Kg6 33. Ra6 Rb7 34. Ke3 Kf6 35. Kf4 g5+ 36. Ke3 Ke5 37. h4 Kf6 38. hxg5+ Kxg5 39. Ra1 h5 40. Rg1+ Kh6 41. Rh1 Rc7 42. Ra1 Rc3+ 43. Kd2 Rc7 44. Ke3 Rg7 45. Kf2 Rh7 46. Rg1 Rc7 47. Rg8 Rc2 48. Ke3 Rc3+ 49. Kf2 Ra3 50. Rh8+ Kg6 51. Kg3 e5 52. Kf2 Bf7 53. f4 Kg7 54. Ra8 Ra2 55. b6 axb6 56. Rxa2 Bxa2 57. Bxh5 Kh6 58. Be2 exf4 59. Kf3 Kg5 60. Ke4 Be6 61. Ke5 Bg4 62. Bf1 Bd1 0-1

[Event "Brocco Open"]
[Site "Brocco"]
[Date "1991.??.??"]
[Round "2"]
[White "Stock, Michael"]
[Black "Flear, Glenn C"]
[Result "0-1"]
[WhiteElo "2225"]
[BlackElo "2470"]
[PlyCount "75"]
[EventDate "1991.??.??"]
[Source "www.chesslib.no"]
[SourceDate "2004.05.04"]

1. e4 e5 2. Nf3 Nc6 3. Bc4 Nf6 4. Ng5 d5 5. exd5 b5 6. Bf1 h6 7. Nf3 Qxd5 8. Nc3 Qe6 9. Bxb5 Bb7 10. Qe2 O-O-O 11. Ba6 e4 12. Bxb7+ Kxb7 13. Qb5+ Ka8 14. Ng1 Nd4 15. Qa4 Bc5 16. Nge2 Nxe2 17. Nxe2 Ng4 18. O-O Rhe8 19. c3 Qd6 20. Ng3 h5 21. h3 Nxf2 22. Rxf2 Bxf2+ 23. Kxf2 Qf4+ 24. Kg1 Qxg3 25. Qc6+ Kb8 26. Qb5+ Kc8 27. Qa6+ Kd7 28. Qa4+ Ke6 29. b3 e3 30. Qc6+ Kf5 31. d4 e2 32. Bd2 e1=Q+ 33. Bxe1 Rxe1+ 34. Rxe1 Qxe1+ 35. Kh2 Qe7 36. Qf3+ Kg6 37. Qd3+ Kh6 38. Qa6+ 0-1

[Event "ESP Ch"]
[Site "Zamora"]
[Date "1996.??.??"]
[Round "8"]
[White "Narciso Dublan, Marc"]
[Black "Garcia Vicente, Nieves"]
[Result "1-0"]
[WhiteElo "2440"]
[BlackElo "2255"]
[PlyCount "105"]
[EventDate "1996.??.??"]
[Source "www.chesslib.no"]
[SourceDate "2004.05.04"]

1. e4 e5 2. Nf3 Nc6 3. Bc4 Nf6 4. Ng5 d5 5. exd5 b5 6. Bf1 h6 7. Nf3 e4 8. Bxb5 Qxd5 9. Nc3 Qd6 10. Qe2 Bd7 11. Nxe4 Nxe4 12. Qxe4+ Be7 13. Nd4 Qxd4 14. Bxc6 Qxe4+ 15. Bxe4 Rb8 16. O-O Bf6 17. Rb1 O-O 18. b3 Rfe8 19. Bd3 Bb5 20. Bb2 Bxd3 21. cxd3 Bg5 22. f4 Be7 23. Rbc1 Bb4 24. Rxc7 Bxd2 25. Bd4 a5 26. Rc2 Re2 27. Bf2 Rbe8 28. g3 Bb4 29. Rfc1 Ba3 30. Kf1 R2e7 31. Re1 Rd8 32. Rxe7 Bxe7 33. Ke2 Bb4 34. Rc4 f5 35. Bd4 Re8+ 36. Be5 Re7 37. Rc7 Rxc7 38. Bxc7 Kf7 39. Be5 g6 40. Bb2 Ke6 41. Bc1 Bc5 42. Bd2 Bb6 43. Be3 Bd8 44. Kd2 Kd5 45. Kc2 h5 46. Kb2 h4 47. gxh4 Be7 48. Bd2 Bd6 49. Bxa5 Bxf4 50. h3 Bd6 51. Kc2 Ke5 52. a4 Kf4 53. Bb6 1-0

[Event "Berlin Neukoelln"]
[Site "Berlin West"]
[Date "1988.??.??"]
[Round "?"]
[White "Kosa, Laszlo"]
[Black "Hermann, Manfred"]
[Result "1/2-1/2"]
[WhiteElo "2310"]
[BlackElo "2385"]
[PlyCount "96"]
[EventDate "1988.??.??"]
[Source "www.chesslib.no"]
[SourceDate "2004.05.04"]

1. e4 e5 2. Nf3 Nc6 3. Bc4 Nf6 4. Ng5 d5 5. exd5 b5 6. Bf1 Nd4 7. c3 Nxd5 8. cxd4 Qxg5 9. Bxb5+ Kd8 10. Qf3 Bb7 11. O-O exd4 12. d3 Qe5 13. Na3 Bxa3 14. bxa3 a6 15. Bc4 f6 16. Bd2 Rb8 17. Qg4 f5 18. Qh4+ Kd7 19. Rfe1 Qf6 20. Bg5 Qb6 21. Bxd5 Bxd5 22. Re7+ Kc8 23. Rc1 Rb7 24. Rxg7 c6 25. Qh6 Rxg7 26. Qxg7 Rg8 27. Qf6 f4 28. Qf5+ Kb7 29. Qxh7+ Ka8 30. h4 f3 31. gxf3 Qb8 32. Qd7 Qf8 33. Rb1 Rg7 34. Qg4 Bxf3 35. Qxd4 c5 36. Qe5 Bb7 37. f4 Rd7 38. Rb3 Qc8 39. f5 c4 40. dxc4 Rd1+ 41. Kf2 Qxc4 42. Qe8+ Bc8 43. Kg3 Rg1+ 44. Kh2 Ra1 45. Rb2 Qc7+ 46. Kg2 Qc4 47. Kh2 Qc7+ 48. Kg2 Qc4 1/2-1/2

[Event "Rilton Cup 9899"]
[Site "Stockholm"]
[Date "1998.12.28"]
[Round "1"]
[White "Bahram, Nihad"]
[Black "Hector, Jonny"]
[Result "0-1"]
[WhiteElo "2175"]
[BlackElo "2510"]
[PlyCount "44"]
[EventDate "1998.12.??"]
[Source "ChessBase"]
[SourceDate "1999.03.01"]

1. e4 e5 2. Nf3 Nc6 3. Bc4 Nf6 4. Ng5 d5 5. exd5 b5 6. dxc6 bxc4 7. Nc3 h6 8. Nge4 Nxe4 9. Nxe4 Qd5 10. Qf3 Be6 11. O-O O-O-O 12. Re1 Qxc6 13. b3 f5 14. Nc3 e4 15. Qh5 Bc5 16. bxc4 g6 17. Qe2 Bxc4 18. d3 exd3 19. cxd3 Rxd3 20. Qc2 Ba6 21. Nd1 Bb7 22. Ne3 Rxe3 0-1

[Event "Yerevan ol (Men)"]
[Site "Yerevan"]
[Date "1996.??.??"]
[Round "4"]
[White "Berlinsky, Vladimir"]
[Black "Lima, Darcy"]
[Result "0-1"]
[WhiteElo "2255"]
[BlackElo "2430"]
[PlyCount "99"]
[EventDate "1996.09.??"]
[Source "www.chesslib.no"]
[SourceDate "2004.05.04"]

1. e4 e5 2. Nf3 Nc6 3. Bc4 Nf6 4. Ng5 d5 5. exd5 b5 6. Bf1 h6 7. Nxf7 Kxf7 8. dxc6 Bc5 9. Bxb5 Ng4 10. O-O Qh4 11. Qf3+ Ke8 12. Qg3 Qxg3 13. hxg3 Rf8 14. Bd3 Nxf2 15. Bg6+ Ke7 16. d4 Bxd4 17. Nd2 Ba6 18. c4 Rf6 19. Bh5 Nd3+ 20. Kh2 Rxf1 21. Nxf1 Nxc1 22. Rxc1 Bxb2 23. Rc2 Bd4 24. Nd2 Rd8 25. Bf3 Be3 26. Nb1 Bd4 27. Nd2 Bc8 28. Be4 Be6 29. Nf3 g5 30. Rc1 Kd6 31. Nxd4 exd4 32. c5+ Ke5 33. Re1 Kf6 34. Rf1+ Ke7 35. Re1 Kf6 36. Rf1+ Ke7 37. Re1 Kf7 38. Rf1+ Kg7 39. Bd3 Bd5 40. Re1 Kf6 41. Rf1+ Kg7 42. Re1 Rf8 43. Re7+ Rf7 44. Rd7 Bxc6 45. Rxd4 Rd7 46. Rxd7+ Bxd7 47. Kg1 Kf6 48. Kf2 Ke5 49. Ke3 Kd5 50. a3 0-1

[Event "LM.1999.0.00002"]
[Site "?"]
[Date "1999.??.??"]
[Round "?"]
[White "Makovsky Petr"]
[Black "Kissinger Scott"]
[Result "1-0"]
[WhiteElo "2305"]
[BlackElo "2375"]
[PlyCount "35"]
[EventDate "1999.??.??"]
[Source "www.chesslib.no"]
[SourceDate "2004.05.04"]

1. e4 e5 2. Nf3 Nc6 3. Bc4 Nf6 4. Ng5 d5 5. exd5 b5 6. Bf1 Nd4 7. c3 Nxd5 8. Ne4 Qh4 9. Ng3 Bg4 10. f3 Nf5 11. Bxb5+ Kd8 12. O-O Bc5+ 13. d4 exd4 14. Ne4 Nfe3 15. Qe1 Qe7 16. Bc6 Nc2 17. Qf2 Nxa1 18. fxg4 1-0

[Event "Isle of Man Open"]
[Site "Isle of Man IOM"]
[Date "1994.??.??"]
[Round "7"]
[White "Ellison, Derek G"]
[Black "Flear, Glenn C"]
[Result "1/2-1/2"]
[WhiteElo "2155"]
[BlackElo "2525"]
[PlyCount "47"]
[EventDate "1994.09.??"]
[Source "www.chesslib.no"]
[SourceDate "2004.05.04"]

1. e4 e5 2. Nf3 Nc6 3. Bc4 Nf6 4. Ng5 d5 5. exd5 b5 6. Bf1 h6 7. Nxf7 Kxf7 8. dxc6 Bc5 9. Be2 Qd5 10. O-O Qxc6 11. d3 Rd8 12. Qe1 Bf5 13. Bf3 e4 14. dxe4 Bxe4 15. Bxe4 Nxe4 16. Nd2 Re8 17. Nxe4 Rxe4 18. Qc3 Rae8 19. Be3 Rc4 20. Qd3 Kg8 21. Bxc5 Rxc5 22. c3 Rd5 23. Qf3 Rf8 24. Qe4 1/2-1/2

[Event "Bundesliga 8182"]
[Site "Germany"]
[Date "1982.??.??"]
[Round "?"]
[White "Stein, Bernd"]
[Black "Hermann, Manfred"]
[Result "1/2-1/2"]
[WhiteElo "2295"]
[BlackElo "2380"]
[PlyCount "29"]
[EventDate "1981.10.??"]
[Source "ChessBase"]
[SourceDate "1999.07.01"]

1. e4 e5 2. Nf3 Nc6 3. Bc4 Nf6 4. Ng5 d5 5. exd5 b5 6. Bf1 Nd4 7. c3 Nxd5 8. Ne4 Ne6 9. Bxb5+ Bd7 10. Bxd7+ Qxd7 11. O-O f5 12. Ng3 g6 13. d4 exd4 14. cxd4 Bg7 15. Ne2 1/2-1/2

[Event "Gyongyos op"]
[Site "?"]
[Date "1996.??.??"]
[Round "?"]
[White "Szabo Zsolt"]
[Black "Vujosevic Vladimir"]
[Result "0-1"]
[WhiteElo "2265"]
[BlackElo "2405"]
[PlyCount "52"]
[EventDate "1996.??.??"]
[Source "www.chesslib.no"]
[SourceDate "2004.05.04"]

1. e4 e5 2. Nf3 Nc6 3. Bc4 Nf6 4. Ng5 d5 5. exd5 b5 6. Bf1 h6 7. Nf3 Qxd5 8. Nc3 Qe6 9. Bxb5 Bb7 10. O-O O-O-O 11. d3 Nd4 12. Nxd4 exd4 13. Ne4 Nxe4 14. dxe4 Qxe4 15. f3 Qh4 16. Qe2 Bc5 17. Qc4 Rd5 18. Bd2 Rh5 19. h3 d3+ 20. Kh2 Bd6+ 21. f4 Bxg2 22. Kxg2 Qxh3+ 23. Kf2 Qh2+ 24. Ke3 Qe2+ 25. Kd4 Qxd2 26. Rad1 c5+ 0-1

[Event "Corr"]
[Site "?"]
[Date "2002.06.15"]
[Round "?"]
[White "Lebedev Valery Ivanovich (R"]
[Black "Erofeeva Mrs.Nataliya Sergee"]
[Result "1-0"]
[WhiteElo "2418"]
[BlackElo "2248"]
[PlyCount "74"]
[EventDate "2002.??.??"]
[Source "www.chesslib.no"]
[SourceDate "2004.05.04"]

1. e4 e5 2. Nf3 Nc6 3. Bc4 Nf6 4. Ng5 d5 5. exd5 b5 6. Bf1 h6 7. Nxf7 Kxf7 8. dxc6 Bc5 9. Be2 Rf8 10. O-O Kg8 11. d3 Bf5 12. Nd2 Qd6 13. Bf3 Rae8 14. a4 a6 15. axb5 axb5 16. Nb3 e4 17. dxe4 Bxe4 18. Qxd6 Bxd6 19. Bxe4 Rxe4 20. c3 Ra4 21. Rxa4 bxa4 22. Nd4 Rb8 23. Rd1 Kf7 24. h3 Rb6 25. Kf1 Ne4 26. g3 Be7 27. Nf3 Bf6 28. Rd7+ Ke6 29. Nd4+ Bxd4 30. Rxd4 Nc5 31. Kg2 Rxc6 32. Be3 Rd6 33. Rg4 Nd3 34. Rxg7 Nxb2 35. Rxc7 Ra6 36. Rh7 Kd5 37. Bxh6 a3 1-0

[Event "Hamburg-ch int"]
[Site "Hamburg"]
[Date "2000.06.15"]
[Round "6"]
[White "Pajeken, Wolfgang"]
[Black "Hegeler, Frank"]
[Result "1-0"]
[WhiteElo "2313"]
[BlackElo "2347"]
[PlyCount "63"]
[EventDate "2000.06.10"]
[Source "ChessBase"]
[SourceDate "2000.07.11"]

1. e4 e5 2. Nf3 Nc6 3. Bc4 Nf6 4. Ng5 d5 5. exd5 b5 6. Bf1 h6 7. Nxf7 Kxf7 8. dxc6 Bc5 9. Be2 Ne4 10. O-O Bxf2+ 11. Rxf2+ Nxf2 12. Qf1 Rf8 13. Qxf2+ Kg8 14. Qe3 Qh4 15. Bf3 Bg4 16. Bxg4 Qxg4 17. Nc3 b4 18. h3 Qc4 19. d3 Qxc6 20. Qe4 Qf6 21. Nd5 Qf1+ 22. Kh2 Rf7 23. Ne7+ Rxe7 24. Qxa8+ Kh7 25. Qe4+ Kh8 26. Bg5 Qxa1 27. Bxe7 Qxb2 28. Qc4 a5 29. Bh4 a4 30. Bg3 b3 31. cxb3 a3 32. Qxc7 1-0

[Event "FIN Team Ch"]
[Site "Finland"]
[Date "1991.??.??"]
[Round "?"]
[White "Havansi, Erkki ET"]
[Black "Pyhala, Antti"]
[Result "0-1"]
[WhiteElo "2275"]
[BlackElo "2380"]
[PlyCount "50"]
[EventDate "1991.??.??"]
[Source "www.chesslib.no"]
[SourceDate "2004.05.04"]

1. e4 e5 2. Nf3 Nc6 3. Bc4 Nf6 4. Ng5 d5 5. exd5 b5 6. Bf1 Nd4 7. c3 Nxd5 8. Ne4 Qh4 9. Bxb5+ Nxb5 10. Qa4 Nf4 11. Qxb5+ Bd7 12. Qxe5+ Be7 13. O-O f6 14. g3 Ne2+ 15. Kh1 Qg4 16. f3 fxe5 17. fxg4 Bc6 18. d3 O-O-O 19. Re1 Nxc1 20. Rxc1 Rxd3 21. Re1 Bc5 22. Kg2 Be3 23. Na3 Bxe4+ 24. Kh3 h5 25. g5 Rd2 0-1

[Event "Dieren op"]
[Site "Dieren"]
[Date "2001.07.23"]
[Round "6"]
[White "Vedder, Richard"]
[Black "Solleveld, Maarten"]
[Result "0-1"]
[WhiteElo "2220"]
[BlackElo "2427"]
[PlyCount "146"]
[EventDate "2001.07.17"]
[Source "ChessBase"]
[SourceDate "2001.09.11"]

1. e4 e5 2. Nf3 Nc6 3. Bc4 Nf6 4. Ng5 d5 5. exd5 b5 6. Bf1 h6 7. Nf3 Qxd5 8. Nc3 Qe6 9. Bxb5 Bb7 10. O-O O-O-O 11. Qe2 e4 12. Bxc6 Qxc6 13. Ne5 Qe6 14. Nc4 Ba6 15. d3 exd3 16. Qxe6+ fxe6 17. cxd3 Bb4 18. Ne5 Bxd3 19. Nxd3 Rxd3 20. Na4 Nd5 21. a3 Bd6 22. b4 Rf8 23. Ra2 Nb6 24. Nxb6+ axb6 25. Rd2 Rxd2 26. Bxd2 b5 27. Bc3 g6 28. Re1 Kd7 29. h3 h5 30. Bb2 Rf4 31. Rc1 e5 32. Kf1 Ke6 33. Ke2 Kd5 34. f3 e4 35. fxe4+ Rxe4+ 36. Kd3 Rf4 37. Rc2 Rf1 38. Ke2 Rg1 39. Kd3 Rd1+ 40. Ke2 Rg1 41. Kd3 Rd1+ 42. Ke2 Rb1 43. Kd3 g5 44. Rd2 Re1 45. Rc2 Rd1+ 46. Ke2 Rb1 47. Kd3 c6 48. Rd2 Bf4 49. Re2 Rg1 50. Kc2 g4 51. hxg4 hxg4 52. Kd3 g3 53. Rc2 Bc7 54. Rc5+ Kd6 55. Rg5 Ke6 56. Rg6+ Kf5 57. Rxc6 Rxg2 58. Bd4 Bf4 59. Be3 Ra2 60. Rc5+ Kg4 61. Bxf4 Kxf4 62. Rc8 g2 63. Rf8+ Kg3 64. Rg8+ Kf2 65. Kd4 Rc2 66. Rf8+ Ke1 67. Rg8 Kf1 68. Rf8+ Rf2 69. Rg8 g1=Q 70. Rxg1+ Kxg1 71. Kc5 Rf5+ 72. Kb6 Kf2 73. Ka5 Ke3 0-1

[Event "Feffernitz Raika op"]
[Site "Feffernitz"]
[Date "2000.08.24"]
[Round "5"]
[White "Muellneritsch, Anton"]
[Black "Schlindwein, Rolf"]
[Result "0-1"]
[WhiteElo "2203"]
[BlackElo "2441"]
[PlyCount "62"]
[EventDate "2000.08.??"]
[Source "www.chesslib.no"]
[SourceDate "2004.05.04"]

1. e4 e5 2. Nf3 Nc6 3. Bc4 Nf6 4. Ng5 d5 5. exd5 b5 6. Bf1 Nd4 7. c3 Nxd5 8. cxd4 Qxg5 9. Bxb5+ Kd8 10. Qf3 Bb7 11. O-O Rb8 12. Qg3 Qxg3 13. fxg3 exd4 14. Rxf7 Nf6 15. Bc4 d3 16. b3 Bc5+ 17. Kf1 Ng4 18. Be6 Nxh2+ 19. Ke1 Bc6 20. Kd1 Re8 21. Bf5 Nf3 22. Bxd3 Ne5 23. Bc4 Nxc4 24. Nc3 Nd6 25. Rxg7 h5 26. d3 Bd4 27. Bg5+ Kc8 28. Re7 Rxe7 29. Bxe7 Nb5 30. Rc1 Nxc3+ 31. Kd2 Kd7 0-1

[Event "Corr"]
[Site "?"]
[Date "1999.??.??"]
[Round "?"]
[White "Makovsky Petr"]
[Black "Simmelink Joop Theo"]
[Result "1-0"]
[WhiteElo "2305"]
[BlackElo "2337"]
[PlyCount "55"]
[EventDate "1999.??.??"]
[Source "www.chesslib.no"]
[SourceDate "2004.05.04"]

1. e4 e5 2. Nf3 Nc6 3. Bc4 Nf6 4. Ng5 d5 5. exd5 b5 6. Bf1 Nd4 7. c3 Nxd5 8. Ne4 Qh4 9. Ng3 Bg4 10. f3 e4 11. cxd4 Bd6 12. Bxb5+ Kd8 13. O-O exf3 14. Rxf3 Rb8 15. Bf1 Re8 16. Nc3 c6 17. d3 Nxc3 18. bxc3 Rb5 19. d5 Ra5 20. Rb1 cxd5 21. Rb7 d4 22. Rbxf7 dxc3 23. Bf4 Rf8 24. Rxf8+ Bxf8 25. Qb3 Bxf3 26. Qb8+ Ke7 27. gxf3 c2 28. Ne4 1-0

[Event "Reggio Emilia 7273"]
[Site "Reggio Emilia ITA"]
[Date "1972.??.??"]
[Round "?"]
[White "Paoli, Enrico"]
[Black "Wagman, Stuart"]
[Result "0-1"]
[WhiteElo "2300"]
[BlackElo "2330"]
[PlyCount "76"]
[EventDate "1972.12.??"]
[Source "www.chesslib.no"]
[SourceDate "2004.05.04"]

1. e4 e5 2. Nf3 Nc6 3. Bc4 Nf6 4. Ng5 d5 5. exd5 b5 6. Bf1 Nd4 7. c3 Nxd5 8. h4 h6 9. Ne4 Ne6 10. Bxb5+ Bd7 11. Qa4 Ndf4 12. Bxd7+ Qxd7 13. Qxd7+ Kxd7 14. g3 Nd3+ 15. Ke2 Nxc1+ 16. Rxc1 f5 17. d3 fxe4 18. dxe4 Bd6 19. Rd1 Ke7 20. Nd2 Rhf8 21. Nc4 Nc5 22. f3 h5 23. Rd5 Ke6 24. Rad1 Nb7 25. b4 a6 26. a4 g6 27. a5 Rf7 28. Rb1 c6 29. Rd3 Bc7 30. Rf1 Rd8 31. Nb2 Rxd3 32. Nxd3 Bb8 33. f4 Bd6 34. Rg1 c5 35. bxc5 Nxc5 36. fxe5 Nxd3 37. exd6 Ne5 38. Rd1 Rd7 0-1

[Event "Buenos Aires ARG, American Ch 05"]
[Site "?"]
[Date "2005.08.09"]
[Round "4"]
[White "Orsini Antonio"]
[Black "Dos Santos Ramiro"]
[Result "0-1"]
[WhiteElo "2233"]
[BlackElo "2393"]
[PlyCount "50"]
[EventDate "2005.??.??"]
[Source "www.chesslib.no"]
[SourceDate "2004.05.04"]

1. e4 e5 2. Nf3 Nc6 3. Bc4 Nf6 4. Ng5 d5 5. exd5 b5 6. Bf1 h6 7. Nf3 Qxd5 8. Nc3 Qe6 9. Bxb5 Bb7 10. d3 O-O-O 11. Bxc6 Qxc6 12. Qe2 e4 13. Ne5 Qe6 14. f4 exf3 15. gxf3 Bc5 16. Rf1 Rhe8 17. f4 g5 18. Kd1 gxf4 19. Bxf4 Nd5 20. Nxd5 Rxd5 21. Qh5 f6 22. Qxh6 fxe5 23. Qxe6+ Rxe6 24. Bg5 e4 25. Re1 Kd7 0-1